Ejercicio de perfección y virtudes cristianas
Збережено в:
| Автор: | |
|---|---|
| Формат: | Книга |
| Мова: | Іспанська |
| Опубліковано: |
Barcelona
Librería Religiosa
1889
|
| Редагування: | 4a. ed |
| Предмети: | |
| Теги: |
Додати тег
Немає тегів, Будьте першим, хто поставить тег для цього запису!
|
MARC
| LEADER | 00000cam a2200000 a 4500 | ||
|---|---|---|---|
| 001 | UCD0999 | ||
| 003 | CL-VaPUC | ||
| 008 | 151231e18890000sp |||||||||||||||||spa|d | ||
| 082 | 0 | 4 | |a 179.3 |b ROD |2 21 |
| 100 | 0 | |a Rodríguez, Alonso |e author |9 584075 | |
| 245 | 1 | 0 | |a Ejercicio de perfección y virtudes cristianas |
| 250 | |a 4a. ed | ||
| 300 | |a v | ||
| 942 | |c BK | ||
| 945 | |d 20151231 00:35:00 |a gsalatino | ||
| 260 | |a Barcelona |b Librería Religiosa |c 1889 | ||
| 650 | 0 | |a Virtudes |9 309526 | |
| 650 | 0 | |a Teología moral |9 256617 | |
| 650 | 0 | |a Ética |9 255099 | |
| 583 | |a last modification |c 20151231 00:35:00 |k Rodrigo Vera | ||
| 999 | |c 362429 |d 362427 | ||
| 952 | |0 0 |1 0 |3 erd |4 0 |6 179_300000000000000_ROD_1889 |7 0 |8 P |9 473697 |a BIBTEO |b BIBTES |c TEO_FTES |h v.3 |i 5275180 |o 179.3 ROD 1889 |p 5275180 |r 2024-01-18 |w 2019-11-24 |y BK |z Catalogado en:20151231 |k ICR | ||